[Event "43. Torneo de Ajedrez Villa de Mislata"]
[Site "Mislata ESP"]
[Date "2009.08.24"]
[Round "1.2"]
[White "Peinado Peinado, Juan"]
[Black "Korneev, Oleg"]
[Result "0-1"]
[WhiteElo "1883"]
[BlackElo "2537"]
[PlyCount "56"]
[EventDate "2009.08.24"]
[EventType "swiss"]
[EventRounds "9"]
[EventCountry "ESP"]
[Source "lmi"]
[SourceDate "2009.08.24"]

1. Nf3 d5 2. d4 Nf6 3. c4 e6 4. g3 dxc4 5. Bg2 a6 6. Ne5 c5 7. e3 Ra7 8. a4 b6
9. O-O Bb7 10. Nc3 Bxg2 11. Kxg2 Rc7 12. Qe2 Qc8 13. Rd1 cxd4 14. exd4 Bb4 15.
Bg5 Bxc3 16. Bxf6 gxf6 17. bxc3 fxe5 18. Qxe5 Rg8 19. d5 Nd7 20. Qe3 Rg6 21. f4
Kf8 22. Ra2 Nf6 23. f5 exf5 24. Qxb6 Nxd5 25. Qd4 Rd7 26. Rb1 Nf6 27. Qe5 Qc6+
28. Kg1 Qd5 0-1

[Event "43. Torneo de Ajedrez Villa de Mislata"]
[Site "Mislata ESP"]
[Date "2009.08.24"]
[Round "1.3"]
[White "Ortiz Suarez, Isan Reynaldo"]
[Black "Carbonell Vila, Juan Luis"]
[Result "1-0"]
[WhiteElo "2504"]
[BlackElo "1883"]
[PlyCount "30"]
[EventDate "2009.08.24"]
[EventType "swiss"]
[EventRounds "9"]
[EventCountry "ESP"]
[Source "lmi"]
[SourceDate "2009.08.24"]

1. e4 e6 2. d4 d5 3. Nc3 Nf6 4. e5 Nfd7 5. f4 c5 6. Nf3 Nc6 7. Be3 cxd4 8. Nxd4
a6 9. Qd2 Nxd4 10. Bxd4 Bc5 11. O-O-O Qc7 12. h4 Bxd4 13. Qxd4 Qc5 14. Qd2 b5
15. Ne2 Nb6 1-0

[Event "43. Torneo de Ajedrez Villa de Mislata"]
[Site "Mislata ESP"]
[Date "2009.08.24"]
[Round "1.4"]
[White "Rubio Trigueros, Jose Luis"]
[Black "Prie, Eric"]
[Result "0-1"]
[WhiteElo "1881"]
[BlackElo "2491"]
[PlyCount "98"]
[EventDate "2009.08.24"]
[EventType "swiss"]
[EventRounds "9"]
[EventCountry "ESP"]
[Source "lmi"]
[SourceDate "2009.08.24"]

1. d4 d5 2. c4 dxc4 3. Nf3 c6 4. e3 Be6 5. a4 Nf6 6. Nc3 g6 7. Ne5 Bg7 8. Nxc4
c5 9. Be2 cxd4 10. exd4 Nc6 11. Be3 O-O 12. O-O Nd5 13. Qd2 Nxe3 14. fxe3 Rc8
15. Na3 Qa5 16. Nc2 Rfd8 17. Rf2 f5 18. Qe1 Bb3 19. Bf3 e5 20. Bxc6 Rxc6 21.
dxe5 Qxe5 22. Nd4 Rxd4 23. exd4 Qxe1+ 24. Rxe1 Bxd4 25. g3 Kf7 26. Kg2 Bxf2 27.
Kxf2 Rc4 28. Re5 Bxa4 29. Ra5 Bd7 30. Rxa7 Rb4 31. Nd1 Ba4 32. Nc3 Rxb2+ 33.
Ke3 Bc6 34. Ne2 Kf6 35. h4 Rb3+ 36. Kd4 Rf3 37. Ra5 h6 38. Rc5 Be4 39. Rb5 Rd3+
40. Kc4 Re3 41. Rb6+ Bc6 42. Rb2 Ke5 43. Rd2 Be4 44. Kc5 g5 45. hxg5 hxg5 46.
Kc4 Bd3+ 47. Rxd3 b5+ 48. Kc3 Rxe2 49. Kb4 Ke4 0-1

[Event "43. Torneo de Ajedrez Villa de Mislata"]
[Site "Mislata ESP"]
[Date "2009.08.24"]
[Round "1.5"]
[White "Gomez Garrido, Camilo"]
[Black "Victoria De Marco, Jose Andres"]
[Result "1-0"]
[WhiteElo "2461"]
[BlackElo "1879"]
[PlyCount "63"]
[EventDate "2009.08.24"]
[EventType "swiss"]
[EventRounds "9"]
[EventCountry "ESP"]
[Source "lmi"]
[SourceDate "2009.08.24"]

1. e4 c5 2. Nf3 d6 3. d4 cxd4 4. Nxd4 Nf6 5. Nc3 a6 6. Be3 e5 7. Nb3 Be6 8. Qd2
Qc7 9. O-O-O b5 10. f4 Nbd7 11. f5 Bc4 12. Kb1 Rc8 13. Bd3 Nb6 14. h3 Bxd3 15.
cxd3 Be7 16. g4 h6 17. Rc1 Qb8 18. Rhg1 Nfd7 19. g5 hxg5 20. Bxg5 f6 21. Be3
Kf7 22. Qg2 Rhg8 23. Qg6+ Kf8 24. Bh6 b4 25. Bxg7+ Rxg7 26. Qxg7+ Ke8 27. Qg8+
Nf8 28. Nd5 Nxd5 29. Qxd5 Qa8 30. Rxc8+ Qxc8 31. Rg7 Qd7 32. h4 1-0

[Event "43. Torneo de Ajedrez Villa de Mislata"]
[Site "Mislata ESP"]
[Date "2009.08.24"]
[Round "1.6"]
[White "Gomez Manzano, Francisco Carlos"]
[Black "Komljenovic, Davorin"]
[Result "0-1"]
[WhiteElo "1874"]
[BlackElo "2431"]
[PlyCount "52"]
[EventDate "2009.08.24"]
[EventType "swiss"]
[EventRounds "9"]
[EventCountry "ESP"]
[Source "lmi"]
[SourceDate "2009.08.24"]

1. d4 Nf6 2. Nf3 g6 3. e3 Bg7 4. Bd3 d6 5. O-O O-O 6. c4 Nbd7 7. Nc3 e5 8. Re1
Re8 9. Qc2 Nf8 10. h3 c6 11. a3 Qe7 12. dxe5 dxe5 13. e4 Ne6 14. b4 Nh5 15. Be3
Nhf4 16. Bf1 Qf6 17. Nh2 Nd4 18. Qc1 Nb3 19. Qb2 Nxa1 20. Qxa1 h5 21. b5 Ne6
22. Ne2 Rd8 23. Qc1 Bf8 24. f4 exf4 25. Nxf4 Nxf4 26. Bxf4 Bxa3 0-1

[Event "43. Torneo de Ajedrez Villa de Mislata"]
[Site "Mislata ESP"]
[Date "2009.08.24"]
[Round "1.7"]
[White "Gonzalez Rodriguez, Jorge Armando"]
[Black "Ramada Andres, Jose"]
[Result "1-0"]
[WhiteElo "2429"]
[BlackElo "1873"]
[PlyCount "22"]
[EventDate "2009.08.24"]
[EventType "swiss"]
[EventRounds "9"]
[EventCountry "ESP"]
[Source "lmi"]
[SourceDate "2009.08.24"]

1. d4 d5 2. c4 Nf6 3. cxd5 Nxd5 4. e4 Nf6 5. Nc3 Nc6 6. d5 Ne5 7. f4 Ned7 8. e5
Ng8 9. Nf3 Nb6 10. Be3 e6 11. Bb5+ Bd7 1-0

[Event "43. Torneo de Ajedrez Villa de Mislata"]
[Site "Mislata ESP"]
[Date "2009.08.24"]
[Round "1.8"]
[White "Ull Molina, Cristian"]
[Black "Del Rey, Diego"]
[Result "0-1"]
[WhiteElo "1872"]
[BlackElo "2420"]
[PlyCount "80"]
[EventDate "2009.08.24"]
[EventType "swiss"]
[EventRounds "9"]
[EventCountry "ESP"]
[Source "lmi"]
[SourceDate "2009.08.24"]

1. c4 e5 2. Nc3 Nf6 3. g3 c6 4. Bg2 d5 5. cxd5 cxd5 6. d4 e4 7. f3 Bb4 8. a3
Bxc3+ 9. bxc3 O-O 10. Bg5 Nbd7 11. fxe4 dxe4 12. Nh3 h6 13. Bf4 Nb6 14. O-O
Nfd5 15. Bd2 Nc4 16. Nf4 Nde3 17. Bxe3 Nxe3 18. Qd2 Nxf1 19. Rxf1 Re8 20. e3 b5
21. Qc2 Bb7 22. c4 bxc4 23. Qxc4 Rc8 24. Qb3 Qb6 25. Qxb6 axb6 26. Rb1 Rc3 27.
Rxb6 Ba8 28. Kf2 Rxa3 29. g4 Rc8 30. Rb2 Rac3 31. Re2 Rc2 32. h3 Rxe2+ 33. Nxe2
Rc2 34. Kf1 Bb7 35. Ng3 Ba6+ 36. Kg1 Bd3 37. Nxe4 Rxg2+ 38. Kxg2 Bxe4+ 39. Kg3
f5 40. h4 Kf8 0-1

[Event "43. Torneo de Ajedrez Villa de Mislata"]
[Site "Mislata ESP"]
[Date "2009.08.24"]
[Round "1.9"]
[White "Fernandez Cardoso, Alexey"]
[Black "Soler Nadal, Jose Antonio"]
[Result "1-0"]
[WhiteElo "2419"]
[BlackElo "1870"]
[PlyCount "39"]
[EventDate "2009.08.24"]
[EventType "swiss"]
[EventRounds "9"]
[EventCountry "ESP"]
[Source "lmi"]
[SourceDate "2009.08.24"]

1. e4 c6 2. d4 d5 3. e5 Bf5 4. Nf3 e6 5. Be2 c5 6. O-O Nd7 7. c4 Ne7 8. Nc3
dxc4 9. Bg5 Qb8 10. Bxc4 Bg4 11. dxc5 Nc6 12. Bb5 Bxc5 13. Ne4 a6 14. Bxc6 bxc6
15. Nxc5 Nxc5 16. Qd4 h6 17. Qxc5 hxg5 18. Qxc6+ Kf8 19. Nxg5 Qxe5 20. Qxa8+
1-0

[Event "43. Torneo de Ajedrez Villa de Mislata"]
[Site "Mislata ESP"]
[Date "2009.08.24"]
[Round "1.10"]
[White "Ramroth, Hans Peter"]
[Black "Mellado Trivino, Juan"]
[Result "0-1"]
[WhiteElo "1857"]
[BlackElo "2417"]
[PlyCount "36"]
[EventDate "2009.08.24"]
[EventType "swiss"]
[EventRounds "9"]
[EventCountry "ESP"]
[Source "lmi"]
[SourceDate "2009.08.24"]

1. d4 d5 2. c4 dxc4 3. Nc3 Nf6 4. e3 e5 5. Bxc4 exd4 6. exd4 Bd6 7. Nf3 O-O 8.
O-O Nc6 9. Bb3 Bg4 10. Be3 a6 11. a3 Re8 12. Bc2 Qd7 13. Qd3 Bxf3 14. gxf3 Qh3
15. Rfe1 Bxh2+ 16. Kh1 Rxe3 17. Rxe3 Bg3+ 18. Kg1 Qh2+ 0-1

[Event "43. Torneo de Ajedrez Villa de Mislata"]
[Site "Mislata ESP"]
[Date "2009.08.24"]
[Round "1.11"]
[White "Guerra Mendez, Jose Angel"]
[Black "Harutyunyan, Tigran"]
[Result "1-0"]
[WhiteElo "2408"]
[BlackElo "1856"]
[PlyCount "93"]
[EventDate "2009.08.24"]
[EventType "swiss"]
[EventRounds "9"]
[EventCountry "ESP"]
[Source "lmi"]
[SourceDate "2009.08.24"]

1. e4 c5 2. Nf3 Nf6 3. d3 d6 4. g3 g6 5. Bg2 Bg7 6. O-O Nc6 7. h3 O-O 8. Re1
Ne8 9. c3 Nc7 10. a3 Rb8 11. Be3 b6 12. d4 e5 13. dxe5 dxe5 14. Qxd8 Rxd8 15.
Nbd2 h6 16. Red1 Be6 17. Bf1 Na5 18. b4 Nb7 19. g4 f6 20. Ne1 Bf8 21. f3 Rd7
22. Nc4 Rbd8 23. Nb2 Kg7 24. Kf2 Bb3 25. Rxd7+ Rxd7 26. Rc1 Be6 27. Be2 a6 28.
Na4 b5 29. Nxc5 Bxc5 30. bxc5 Na5 31. Rd1 Rxd1 32. Bxd1 Nc4 33. Bc1 a5 34. a4
b4 35. cxb4 axb4 36. Nd3 Na6 37. Bb3 Kf7 38. Bxh6 g5 39. c6 Nb6 40. a5 Na8 41.
Bxe6+ Kxe6 42. Bf8 N8c7 43. Bxb4 Nxb4 44. Nxb4 Kd6 45. h4 gxh4 46. Kg2 Kc5 47.
Nd5 1-0

[Event "43. Torneo de Ajedrez Villa de Mislata"]
[Site "Mislata ESP"]
[Date "2009.08.24"]
[Round "1.12"]
[White "Alonso Igual, Ignacio"]
[Black "Gomez Ledo, Roberto Carlos"]
[Result "0-1"]
[WhiteElo "1856"]
[BlackElo "2404"]
[PlyCount "62"]
[EventDate "2009.08.24"]
[EventType "swiss"]
[EventRounds "9"]
[EventCountry "ESP"]
[Source "lmi"]
[SourceDate "2009.08.24"]

1. Nf3 Nf6 2. d4 d5 3. Bf4 e6 4. e3 c5 5. c3 Nc6 6. Be2 Bd6 7. Bxd6 Qxd6 8. O-O
O-O 9. Nbd2 e5 10. dxe5 Nxe5 11. Nxe5 Qxe5 12. Nf3 Qe7 13. h3 Rd8 14. Qc2 Ne4
15. Nd2 Bf5 16. Nxe4 Bxe4 17. Bd3 c4 18. Bxe4 dxe4 19. Rfd1 Rd3 20. b3 b5 21.
a4 b4 22. Rxd3 cxd3 23. Qd2 Rc8 24. c4 Qe5 25. Rc1 a5 26. Kh1 h6 27. Kg1 Rc6
28. g3 h5 29. h4 Rd6 30. Kf1 g6 31. Ke1 g5 0-1

[Event "43. Torneo de Ajedrez Villa de Mislata"]
[Site "Mislata ESP"]
[Date "2009.08.24"]
[Round "1.13"]
[White "Vitor, Antonio"]
[Black "Pallas I Garrido, Ernest Josep"]
[Result "1-0"]
[WhiteElo "2398"]
[BlackElo "1850"]
[PlyCount "75"]
[EventDate "2009.08.24"]
[EventType "swiss"]
[EventRounds "9"]
[EventCountry "ESP"]
[Source "lmi"]
[SourceDate "2009.08.24"]

1. e4 e6 2. d3 d5 3. Nd2 Nf6 4. g3 c5 5. Bg2 Nc6 6. Nh3 Be7 7. O-O O-O 8. f4 b5
9. Nf2 a5 10. g4 Ba6 11. g5 Ne8 12. exd5 exd5 13. c4 bxc4 14. dxc4 Nc7 15. Re1
Re8 16. b3 Qd6 17. cxd5 Nxd5 18. Nc4 Bxc4 19. bxc4 Ndb4 20. a3 Qxd1 21. Rxd1
Nc2 22. Ra2 N2d4 23. Bd5 Rab8 24. f5 Rb3 25. g6 hxg6 26. fxg6 Nf3+ 27. Kh1 Nce5
28. gxf7+ Nxf7 29. Nd3 Nd4 30. Ne5 Rf8 31. Rb2 a4 32. Rxb3 axb3 33. Bb2 Nc2 34.
Nxf7 Rxf7 35. Rd3 Nd4 36. Bxd4 cxd4 37. Rxb3 g6 38. Rf3 1-0

[Event "43. Torneo de Ajedrez Villa de Mislata"]
[Site "Mislata ESP"]
[Date "2009.08.24"]
[Round "1.14"]
[White "Cortes Recaman, Manuel"]
[Black "Dolezal, Cristian"]
[Result "0-1"]
[WhiteElo "1850"]
[BlackElo "2391"]
[PlyCount "64"]
[EventDate "2009.08.24"]
[EventType "swiss"]
[EventRounds "9"]
[EventCountry "ESP"]
[Source "lmi"]
[SourceDate "2009.08.24"]

1. g3 d5 2. Bg2 e5 3. d3 Be6 4. Nf3 f6 5. Nc3 Qd7 6. a3 Ne7 7. O-O Bh3 8. e4 d4
9. Ne2 h5 10. c3 c5 11. b4 Nbc6 12. bxc5 dxc3 13. Nxc3 O-O-O 14. Bxh3 Qxh3 15.
Be3 h4 16. Nb5 Ng6 17. Ra2 Be7 18. Qe2 Rd7 19. Nc3 Nf8 20. Nd5 Ne6 21. Rc1 g5
22. a4 g4 23. Ne1 Ned4 24. Bxd4 Nxd4 25. Qd1 Bd8 26. Ne3 hxg3 27. fxg3 f5 28.
exf5 Bg5 29. Nxg4 Bxc1 30. c6 Rc7 31. Nxe5 Be3+ 32. Kh1 Qf1# 0-1

[Event "43. Torneo de Ajedrez Villa de Mislata"]
[Site "Mislata ESP"]
[Date "2009.08.24"]
[Round "1.15"]
[White "Mascaro March, Pedro"]
[Black "Albuixec Sanz, Jorge"]
[Result "1-0"]
[WhiteElo "2382"]
[BlackElo "1850"]
[PlyCount "69"]
[EventDate "2009.08.24"]
[EventType "swiss"]
[EventRounds "9"]
[EventCountry "ESP"]
[Source "lmi"]
[SourceDate "2009.08.24"]

1. d4 f5 2. Nc3 Nf6 3. Bg5 e6 4. e4 fxe4 5. Bxf6 Qxf6 6. Nxe4 Qh6 7. Nf3 d6 8.
Bd3 Be7 9. h4 Nc6 10. c3 Bd7 11. b4 Rf8 12. Qd2 Qxd2+ 13. Nexd2 g6 14. h5 gxh5
15. Rxh5 O-O-O 16. O-O-O a6 17. Rxh7 Bf6 18. Ne4 e5 19. Nxf6 Rxf6 20. dxe5 Nxe5
21. Nxe5 dxe5 22. f3 Ba4 23. Rd2 Kb8 24. Be4 Rxd2 25. Kxd2 Rd6+ 26. Ke3 Rd1 27.
Re7 Rc1 28. Rxe5 Rxc3+ 29. Kf4 Rc4 30. g4 Rxb4 31. g5 Bc2 32. g6 Bxe4 33. Rxe4
Rb1 34. g7 Rg1 35. Re8+ 1-0

[Event "43. Torneo de Ajedrez Villa de Mislata"]
[Site "Mislata ESP"]
[Date "2009.08.24"]
[Round "1.16"]
[White "Miquel Badenes, Jose"]
[Black "Kovacevic, Slobodan"]
[Result "0-1"]
[WhiteElo "1847"]
[BlackElo "2372"]
[PlyCount "90"]
[EventDate "2009.08.24"]
[EventType "swiss"]
[EventRounds "9"]
[EventCountry "ESP"]
[Source "lmi"]
[SourceDate "2009.08.24"]

1. Nf3 c5 2. b3 Nf6 3. Bb2 e6 4. e3 b6 5. Be2 Bb7 6. d3 Be7 7. Nbd2 d6 8. O-O
O-O 9. c4 a6 10. Qc2 Nbd7 11. Rad1 b5 12. Rfe1 Qb6 13. Bc3 Rfc8 14. Qb1 b4 15.
Bb2 a5 16. d4 a4 17. dxc5 Nxc5 18. Bd4 Nfd7 19. Bd3 g6 20. e4 e5 21. Be3 axb3
22. Nxb3 Bc6 23. Bc2 Rcb8 24. Qb2 f6 25. h3 Qa6 26. Nxc5 dxc5 27. Bb3 Nf8 28.
Nd2 Ne6 29. f3 Kg7 30. Nf1 Nd4 31. Bxd4 cxd4 32. Qd2 Be8 33. f4 Bf7 34. fxe5
fxe5 35. Qd3 Rc8 36. Nd2 Bg5 37. Nf3 Bf4 38. Kf2 Bxc4 39. Bxc4 Qxc4 40. Qxc4
Rxc4 41. Re2 Ra3 42. Rb2 Kf6 43. Nd2 Bxd2 44. Rdxd2 Ke6 45. Ke2 Re3+ 0-1

[Event "43. Torneo de Ajedrez Villa de Mislata"]
[Site "Mislata ESP"]
[Date "2009.08.24"]
[Round "1.17"]
[White "Alonso Moyano, Jonathan"]
[Black "Rull Costa, Baltasar"]
[Result "1-0"]
[WhiteElo "2365"]
[BlackElo "1846"]
[PlyCount "41"]
[EventDate "2009.08.24"]
[EventType "swiss"]
[EventRounds "9"]
[EventCountry "ESP"]
[Source "lmi"]
[SourceDate "2009.08.24"]

1. e4 e5 2. Bc4 Nf6 3. d3 d5 4. exd5 Nxd5 5. Nf3 Nc6 6. h3 Be7 7. O-O a6 8. Re1
Nb6 9. Bb3 Qd6 10. Nxe5 Nxe5 11. Bf4 Qg6 12. Rxe5 Bxh3 13. Qf3 Qf6 14. gxh3 g5
15. Rxe7+ Qxe7 16. Bg3 O-O-O 17. Nc3 h5 18. Nd5 Qc5 19. Qf5+ Rd7 20. d4 Qa5 21.
Ne7+ 1-0

[Event "43. Torneo de Ajedrez Villa de Mislata"]
[Site "Mislata ESP"]
[Date "2009.08.24"]
[Round "1.18"]
[White "Fuset Torralba, Jose Luis"]
[Black "Marholev, Dimitar"]
[Result "0-1"]
[WhiteElo "1827"]
[BlackElo "2364"]
[PlyCount "60"]
[EventDate "2009.08.24"]
[EventType "swiss"]
[EventRounds "9"]
[EventCountry "ESP"]
[Source "lmi"]
[SourceDate "2009.08.24"]

1. d4 Nf6 2. Nf3 g6 3. c4 Bg7 4. Nc3 O-O 5. e4 d6 6. Be2 c5 7. d5 e6 8. O-O
exd5 9. cxd5 Re8 10. Nd2 Na6 11. f3 Nc7 12. a4 b6 13. Bb5 Nxb5 14. axb5 Nd7 15.
Qc2 a6 16. Re1 Ne5 17. Nf1 Bb7 18. Bf4 Qd7 19. Qe2 Qc8 20. Be3 f5 21. Ng3 axb5
22. Qxb5 Ba6 23. Qb3 Nd3 24. Red1 f4 25. Rxd3 Bxd3 26. Rxa8 Qxa8 27. Bxf4 Be5
28. Kh1 Qa1+ 29. Qd1 Qxd1+ 30. Nxd1 Ra8 0-1

[Event "43. Torneo de Ajedrez Villa de Mislata"]
[Site "Mislata ESP"]
[Date "2009.08.24"]
[Round "1.19"]
[White "Battaglini, Gabriel"]
[Black "Perrusset, Barbara"]
[Result "1-0"]
[WhiteElo "2345"]
[BlackElo "1826"]
[PlyCount "47"]
[EventDate "2009.08.24"]
[EventType "swiss"]
[EventRounds "9"]
[EventCountry "ESP"]
[Source "lmi"]
[SourceDate "2009.08.24"]

1. e4 c5 2. c3 Nf6 3. e5 Nd5 4. d4 cxd4 5. cxd4 e6 6. Nc3 d6 7. f4 Be7 8. Nf3
O-O 9. Bd3 Nc6 10. O-O b6 11. Nxd5 exd5 12. Bxh7+ Kxh7 13. Qc2+ Kg8 14. Qxc6
Ba6 15. Re1 dxe5 16. Nxe5 Bb4 17. Re3 Rc8 18. Qa4 Rxc1+ 19. Rxc1 Bd2 20. Rcc3
Bxe3+ 21. Rxe3 Qc8 22. Rc3 Qb7 23. Ra3 Be2 24. Qc6 1-0

[Event "43. Torneo de Ajedrez Villa de Mislata"]
[Site "Mislata ESP"]
[Date "2009.08.24"]
[Round "1.20"]
[White "Valenzuela Canovas, Gabriel"]
[Black "Garcia, Jhoel"]
[Result "0-1"]
[WhiteElo "1824"]
[BlackElo "2341"]
[PlyCount "74"]
[EventDate "2009.08.24"]
[EventType "swiss"]
[EventRounds "9"]
[EventCountry "ESP"]
[Source "lmi"]
[SourceDate "2009.08.24"]

1. e4 c5 2. Nf3 Nc6 3. d4 cxd4 4. Nxd4 g6 5. Nc3 Bg7 6. Be3 Nf6 7. f3 O-O 8.
Qd2 d5 9. exd5 Nxd5 10. Nxd5 Qxd5 11. Nxc6 Qxc6 12. O-O-O Bf5 13. Kb1 Rfd8 14.
Bd3 Bxd3 15. cxd3 Qb5 16. Qe2 Rd6 17. Qc2 Rad8 18. Rhf1 a6 19. Rfe1 Rxd3 20.
Rxd3 Qxd3 21. Qxd3 Rxd3 22. Bc1 e6 23. Re2 Rd1 24. Kc2 Rd7 25. a4 Kf8 26. b4
Rc7+ 27. Kb1 Rc3 28. Bd2 Rb3+ 29. Ka2 Rb2+ 30. Ka3 Ke8 31. Rf2 Bd4 32. h3 Kd7
33. g4 Kc6 34. f4 Kd5 35. f5 gxf5 36. gxf5 e5 37. Rg2 e4 0-1

[Event "43. Torneo de Ajedrez Villa de Mislata"]
[Site "Mislata ESP"]
[Date "2009.08.25"]
[Round "2.1"]
[White "Jordan Arenas, Manuel"]
[Black "Del Rio De Angelis, Salvador G"]
[Result "0-1"]
[WhiteElo "2120"]
[BlackElo "2560"]
[PlyCount "96"]
[EventDate "2009.08.24"]
[EventType "swiss"]
[EventRounds "9"]
[EventCountry "ESP"]
[Source "lmi"]
[SourceDate "2009.08.24"]

1. e4 g6 2. d4 Bg7 3. Nf3 d6 4. Nc3 Nf6 5. Be3 c6 6. Bd3 Nbd7 7. Qd2 e5 8. h3
O-O 9. a4 exd4 10. Nxd4 Nc5 11. O-O Re8 12. Bg5 Qb6 13. Rfe1 Nxd3 14. Qxd3 Nd7
15. Nb3 Ne5 16. Qf1 Be6 17. a5 Qc7 18. Nd2 f5 19. f4 Nf7 20. Bh4 d5 21. e5 d4
22. Ncb1 g5 23. Bg3 gxf4 24. Qxf4 c5 25. Nf3 Nh8 26. Nbd2 Ng6 27. Qg5 Qf7 28.
Nh4 Ne7 29. Bf4 Nd5 30. Ndf3 h6 31. Qg3 Kh7 32. Bd2 Rg8 33. Qf2 Bf8 34. Kh1 f4
35. c3 Be7 36. cxd4 Rg3 37. Qe2 Rag8 38. Qe4+ Kh8 39. Re2 cxd4 40. Be1 Bxh4 41.
Nxh4 Re3 42. Rxe3 Nxe3 43. Qxd4 Nc2 44. Qd1 Nxa1 45. Qxa1 Bd5 46. Bc3 Qe6 47.
Kh2 Rg3 48. Qe1 Bxg2 0-1

[Event "43. Torneo de Ajedrez Villa de Mislata"]
[Site "Mislata ESP"]
[Date "2009.08.25"]
[Round "2.2"]
[White "Korneev, Oleg"]
[Black "Ferrer Berenguer, Ligorio"]
[Result "1-0"]
[WhiteElo "2537"]
[BlackElo "2104"]
[PlyCount "85"]
[EventDate "2009.08.24"]
[EventType "swiss"]
[EventRounds "9"]
[EventCountry "ESP"]
[Source "lmi"]
[SourceDate "2009.08.24"]

1. e4 e5 2. Nf3 Nc6 3. Bb5 a6 4. Ba4 Nf6 5. O-O Be7 6. Re1 b5 7. Bb3 d6 8. c3
Na5 9. Bc2 c5 10. d4 Qc7 11. a4 b4 12. Nbd2 Bg4 13. h3 Bd7 14. cxb4 cxb4 15. b3
Rc8 16. Bb1 O-O 17. Bb2 exd4 18. Bd3 Qb7 19. Nxd4 Rfe8 20. Qe2 Ra8 21. Qf3 Qb6
22. Nc4 Nxc4 23. Bxc4 Qc5 24. Rad1 Qh5 25. Qxh5 Nxh5 26. Bd5 Rab8 27. Bc6 Rbd8
28. Bb7 a5 29. Nc6 Bxc6 30. Bxc6 Rf8 31. Rd5 Nf4 32. Rxa5 Rc8 33. Bb5 Rc2 34.
Bd4 Ne6 35. Be3 Nc5 36. Bc4 Rb2 37. Ra7 Bf6 38. e5 Bxe5 39. Bxc5 Bc3 40. Rxf7
g5 41. Rxf8+ Kxf8 42. Bxd6+ Kg7 43. Be5+ 1-0

[Event "43. Torneo de Ajedrez Villa de Mislata"]
[Site "Mislata ESP"]
[Date "2009.08.25"]
[Round "2.3"]
[White "Crecente Penalba, Jose Manuel"]
[Black "Ortiz Suarez, Isan Reynaldo"]
[Result "0-1"]
[WhiteElo "2106"]
[BlackElo "2504"]
[PlyCount "58"]
[EventDate "2009.08.24"]
[EventType "swiss"]
[EventRounds "9"]
[EventCountry "ESP"]
[Source "lmi"]
[SourceDate "2009.08.24"]

1. d4 Nf6 2. c4 c5 3. d5 e6 4. Nc3 exd5 5. cxd5 d6 6. e4 g6 7. f4 Bg7 8. Bb5+
Nfd7 9. Be2 O-O 10. Nf3 Re8 11. O-O Na6 12. Bd2 Nc7 13. Qc2 Nf6 14. Rae1 a6 15.
a4 Rb8 16. a5 Bg4 17. Ng5 Bxe2 18. Rxe2 Nb5 19. Nxb5 axb5 20. e5 dxe5 21. fxe5
Qxd5 22. Bc3 b4 23. exf6 Qxg5 24. Rxe8+ Rxe8 25. Bd2 Qd5 26. Bxb4 Bxf6 27. Bxc5
Bxb2 28. Qxb2 Qxc5+ 29. Qf2 Qd5 0-1

[Event "43. Torneo de Ajedrez Villa de Mislata"]
[Site "Mislata ESP"]
[Date "2009.08.25"]
[Round "2.4"]
[White "Prie, Eric"]
[Black "Schalk, Martin"]
[Result "1-0"]
[WhiteElo "2491"]
[BlackElo "2102"]
[PlyCount "69"]
[EventDate "2009.08.24"]
[EventType "swiss"]
[EventRounds "9"]
[EventCountry "ESP"]
[Source "lmi"]
[SourceDate "2009.08.24"]

1. d4 Nf6 2. Bf4 e6 3. e3 d5 4. Nd2 Bd6 5. Bg3 O-O 6. Ngf3 c5 7. c3 b6 8. Ne5
Qe7 9. Bh4 Qd8 10. Bd3 Be7 11. f4 Bb7 12. Qf3 Ne8 13. Bf2 Nd6 14. g4 f6 15. Ng6
Rf7 16. f5 e5 17. dxe5 fxe5 18. Nxe5 Rf8 19. Qh3 Bf6 20. Nef3 Ne4 21. Nxe4 dxe4
22. Bc4+ Kh8 23. Nh4 Bxh4 24. Bxh4 Qe8 25. O-O-O Nc6 26. Bd5 b5 27. Rhf1 Nd8
28. f6 Bxd5 29. fxg7+ Kxg7 30. Rxd5 Ne6 31. Rff5 Kg8 32. Bf6 Ng7 33. Bxg7 Kxg7
34. Rxc5 Rd8 35. Rh5 1-0

[Event "43. Torneo de Ajedrez Villa de Mislata"]
[Site "Mislata ESP"]
[Date "2009.08.25"]
[Round "2.5"]
[White "Martinez Ramon, Senen"]
[Black "Gomez Garrido, Camilo"]
[Result "0-1"]
[WhiteElo "2099"]
[BlackElo "2461"]
[PlyCount "46"]
[EventDate "2009.08.24"]
[EventType "swiss"]
[EventRounds "9"]
[EventCountry "ESP"]
[Source "lmi"]
[SourceDate "2009.08.24"]

1. d4 d5 2. c4 e6 3. Nf3 Nf6 4. Bg5 c6 5. e3 Nbd7 6. Bd3 h6 7. Bxf6 Nxf6 8. Nc3
Be7 9. O-O O-O 10. a3 dxc4 11. Bxc4 c5 12. dxc5 Bxc5 13. b4 Be7 14. Qb3 a6 15.
Rfd1 Qc7 16. b5 Bd7 17. b6 Qc5 18. Ne4 Qa5 19. Nxf6+ Bxf6 20. Rac1 Ba4 21. Qb4
Qxb4 22. axb4 Bxd1 23. Rxd1 Rad8 0-1

[Event "43. Torneo de Ajedrez Villa de Mislata"]
[Site "Mislata ESP"]
[Date "2009.08.25"]
[Round "2.6"]
[White "Komljenovic, Davorin"]
[Black "Garijo Martinez, Jose Enrique"]
[Result "1-0"]
[WhiteElo "2431"]
[BlackElo "2093"]
[PlyCount "93"]
[EventDate "2009.08.24"]
[EventType "swiss"]
[EventRounds "9"]
[EventCountry "ESP"]
[Source "lmi"]
[SourceDate "2009.08.24"]

1. d4 d5 2. c4 e6 3. Nc3 Nf6 4. Nf3 Be7 5. Bg5 h6 6. Bh4 O-O 7. e3 Nbd7 8. cxd5
exd5 9. Bd3 c6 10. O-O Re8 11. Qc2 Nh5 12. Bxe7 Qxe7 13. Rab1 Ndf6 14. b4 a6
15. Na4 Ne4 16. Nc5 Nhf6 17. a4 Nd6 18. b5 axb5 19. axb5 cxb5 20. Bxb5 Nxb5 21.
Rxb5 Qc7 22. Qb2 Re7 23. Rc1 Ra5 24. Rb4 Qb8 25. Ne5 Qa8 26. Nc6 bxc6 27. Rb8
Qa7 28. Rxc8+ Re8 29. Rxc6 Rb8 30. Qc2 Ra2 31. Qf5 Ra1 32. Nd3 Qa3 33. g4 Rxc1+
34. Nxc1 Qa4 35. Rc8+ Rxc8 36. Qxc8+ Kh7 37. Kg2 Qd1 38. h3 g5 39. Qf5+ Kg7 40.
Nd3 Qc2 41. Ne5 Qe2 42. h4 gxh4 43. g5 h3+ 44. Kh2 hxg5 45. Qxg5+ Kf8 46. Qxf6
Qh5 47. Qxf7+ 1-0

[Event "43. Torneo de Ajedrez Villa de Mislata"]
[Site "Mislata ESP"]
[Date "2009.08.25"]
[Round "2.7"]
[White "Paniagua Tineo, Arturo"]
[Black "Gonzalez Rodriguez, Jorge Armando"]
[Result "0-1"]
[WhiteElo "2079"]
[BlackElo "2429"]
[PlyCount "78"]
[EventDate "2009.08.24"]
[EventType "swiss"]
[EventRounds "9"]
[EventCountry "ESP"]
[Source "lmi"]
[SourceDate "2009.08.24"]

1. d4 Nf6 2. c4 c5 3. d5 e5 4. Nc3 d6 5. e4 g6 6. Bd3 Bg7 7. Nge2 O-O 8. Ng3
Ne8 9. Be3 f5 10. exf5 gxf5 11. f4 e4 12. Be2 Bxc3+ 13. bxc3 Ng7 14. Bf2 Qa5
15. Qc2 Nd7 16. Rb1 Nb6 17. O-O Bd7 18. a3 Rae8 19. Be3 Qa4 20. Qxa4 Bxa4 21.
Rfc1 Re7 22. Nh1 Be8 23. Nf2 Bh5 24. Bf1 Ne8 25. a4 Nf6 26. a5 Na8 27. Rb2 b6
28. axb6 Nxb6 29. Ra1 Rb8 30. h3 Reb7 31. Rba2 Nc8 32. Ra6 Rb1 33. R1a2 R8b6
34. Rxb6 Nxb6 35. g4 Nxc4 36. Bxc5 dxc5 37. gxh5 Ne3 38. d6 Rxf1+ 39. Kh2 Kf7
0-1